000 00564nam a2200193Ia 4500
003 GCL
008 140319s9999 xx 000 0 ara d
040 _aGCL /
_cGCL
082 0 4 _a155.264
_bم أ
100 1 _aمصطفى سويف
245 1 0 _aالاسس النفسية للابداع الفنى /
_cمصطفى سويف
700 1 _aيوسف مراد
300 _a348 ص
490 _aمنشورات جماعة علم النفس التكاملى
_v0
650 0 4 _aالفلسفة
650 0 4 _aعلم النفس
650 0 4 _aالشعر
942 _2ddc
_cBK
999 _c42703
_d42703